Lengua castellana y comunicación 2º medio: texto para el profesor
Gardado en:
| Main Authors: | , , |
|---|---|
| Outros autores: | |
| Formato: | Libro |
| Idioma: | Lingua castelá |
| Publicado: |
Santiago
Arrayán
2001
|
| Series: | Sector: Lenguaje y Comunicación
|
| Subjects: | |
| Tags: |
Engadir etiqueta
Sen Etiquetas, Sexa o primeiro en etiquetar este rexistro!
|
MARC
| LEADER | 00000nam a2200000 a 4500 | ||
|---|---|---|---|
| 001 | UCL1873 | ||
| 003 | CL-VaPUC | ||
| 008 | 030926e20010000CL |||||||||||||||||spa|d | ||
| 020 | |a 9562402762 | ||
| 082 | 0 | 4 | |a 407.12 |b LIZ |2 21 |
| 100 | |a Lizama Améstica, Patricio |e autor |9 544879 | ||
| 700 | |a Ortúzar Meza, Carmen |e autora |9 544982 | ||
| 700 | 0 | |a Rodríguez Aguirrezábal, Ignacio |e author |9 478761 | |
| 700 | 0 | |a Toro Arriagada, Gabriela |e author |9 478762 | |
| 245 | 1 | 0 | |a Lengua castellana y comunicación 2º medio: texto para el profesor |
| 300 | |a 271 p | ||
| 942 | |c BK | ||
| 945 | |d 20030926 00:00:00 |a cmena | ||
| 260 | |a Santiago |b Arrayán |c 2001 | ||
| 650 | 0 | |a Educación lingüística |9 306506 | |
| 650 | 0 | |a Libros de texto |9 270019 | |
| 650 | 0 | |a Métodos de enseñanza |9 270413 | |
| 583 | |a last modification |c 20180910 12:50:40 |k Rodrigo Vera | ||
| 490 | 0 | |a Sector: Lenguaje y Comunicación | |
| 999 | |c 305312 |d 305310 | ||
| 952 | |0 0 |1 0 |4 0 |6 407_120000000000000_LIZ_2001 |7 0 |8 P |9 368501 |a BIBEDU |b BIBEDU |d 2019-11-21 |i 3943542 |o 407.12 LIZ 2001 |p 3943542 |r 2019-11-21 |w 2019-11-21 |y BK |k EBA | ||
| 952 | |0 0 |1 0 |4 0 |6 407_120000000000000_LIZ_2001 |7 0 |8 P |9 368502 |a BIBEDU |b BIBEDU |d 2019-11-21 |i 3943550 |o 407.12 LIZ 2001 |p 3943550 |r 2019-11-21 |w 2019-11-21 |y BK |k EBA | ||
| 952 | |0 0 |1 0 |4 0 |6 407_120000000000000_LIZ_2001 |7 0 |8 P |9 368503 |a BIBEDU |b BIBEDU |c BIBEDU_PB |d 2019-11-21 |i 3943593 |o 407.12 LIZ 2001 |p 3943593 |r 2024-01-25 |w 2019-11-21 |y BK |k EBA | ||
| 952 | |0 0 |1 0 |4 0 |6 407_120000000000000_LIZ_2001 |7 0 |8 P |9 368504 |a BIBEDU |b BIBEDU |c BIBEDU_PB |d 2019-11-21 |i 3943607 |o 407.12 LIZ 2001 |p 3943607 |r 2024-01-25 |w 2019-11-21 |y BK |k EBA | ||
| 952 | |0 0 |1 0 |4 0 |6 407_120000000000000_LIZ_2001 |7 0 |8 P |9 368505 |a BIBEDU |b BIBEDU |d 2019-11-21 |i 3943623 |o 407.12 LIZ 2001 |p 3943623 |r 2019-11-21 |w 2019-11-21 |y BK |k EBA | ||